000 01055nam a2200289 a 4500
001 66945
003 BD-RjUL
005 20211209081610.0
008 170322s1980 enka b 001 0 eng d
020 _a080182138X
020 _a0801821533 (pbk.) :
035 _a(BD-RjUL)67076
040 _aDLC
_cDLC
_dDLC
_d(BD-RjUL)
_beng
041 _aeng
082 0 0 _223
_a338.4366862
_bCHP 1980
100 1 _aChoks, Armeane M.
_9199050
245 1 4 _aThe planning of investment programs in the fertilizer industry /
_cArmeane M. Choksi, Alexander Meeraus and Ardy J. Stoutjesdijk.
260 _aBaltimore :
_bJohns Hopkins University Press,
_cc1980.
300 _axv, 333 p. :
_bill. ;
_c24 cm.
490 1 _aThe Planning of investment programs ;
_v v. 2
504 _aIncludes bibliographical references and index.
650 0 _aFertilizer industry.
_9199051
700 1 _aMeeraus, Alexander
_ejoint author.
_9199052
700 1 _aStoutjesdijk, Ardy J.
_ejoint author.
_9199053
830 0 _aPlanning of investment programs ;
_vv. 2.
_9199064
942 _2ddc
_cBK
999 _c66945
_d66945